Ľudský kapitál ako dôležitý nastroj konkurenčnej výhody podniku bakalárska práca

Gespeichert in:
Bibliographische Detailangaben
1. Verfasser: Drevená, Natália
Körperschaft: Fakulta podnikového manažmentu EU. Katedra podnikovohospodárska
Weitere Verfasser: Foltínová, Ľubica, 1975-
Format: Buch
Sprache:Slowakisch
Veröffentlicht: Bratislava 2024
Tags: Tag hinzufügen
Keine Tags, Fügen Sie das erste Tag hinzu!

MARC

LEADER 00000nbm a2200000 4500
001 0301990
005 20250205143323.4
041 0 |a slo 
044 |a SK 
245 1 0 |a Ľudský kapitál ako dôležitý nastroj konkurenčnej výhody podniku  |b bakalárska práca  |c Natália Drevená ; školiteľ: Ľubica Foltínová 
264 1 |a Bratislava  |c 2024 
300 |a 55 s. 
100 1 |a Drevená, Natália 
700 1 |a Foltínová, Ľubica, 1975- 
710 2 |a Fakulta podnikového manažmentu EU. Katedra podnikovohospodárska